=LDR 00000nam 2200000 4500 =001 INLIS000000000050385 =005 20170503122354 =035 ##$$a 0010-0517000038 =007 ta =008 170503###########################0#ind## =082 ##$$a 338.1 =084 ##$$a 338.1 SOE b =100 #$$a Soeratno =245 1#$$a Buku materi pokok ekonomi pertanian /$c Drs. Soeratno, MEc. =260 ##$$a Jakarta :$b Depdikbud,$c 1986 =300 ##$$a 150 hlm. ; $c 27 cm. =650 ##$$a Ekonomi Pertanian =990 ##$$a 77007700 =990 ##$$a 23.013/hd/86